=LDR 00000nam 2200000 4500 =001 INLIS000000000039835 =005 20130612145435 =008 ***********************************ind** =035 ##$$a0010-061300000039835 =041 ##$$a ind =082 ##$$a 813 =100 ##$$a townley, gemma =245 ##$$a learning curves:misi rahasia =260 ##$$a gramedia $b jakarta =300 ##$$a 431 hlm =850 ##$$a NBPNMAT =990 ##$$a 94048/BPAP-NTB/2014